Construction vehicles - Statistics

General Stats
  • This quiz has been taken 120 times
  • The average score is 8 of 13
Answer Stats
Picture Answer % Correct
Crane
96%
Forklift
89%
Excavator
87%
Dump truck
86%
Bulldozer
82%
Backhoe
65%
Skid steer
55%
Steam roller
54%
Grader
42%
Trencher
39%
Concrete mixer
37%
Front loader
33%
Feller buncher
5%
No matching quizzes found
Score Distribution
Percent of People with Each Score
Percentile by Number Answered
Your Score History
You have not taken this quiz